Pays frontaliers du Laos - Statistiques

Statistiques générales
  • Ce quiz a été pris 39 fois
  • Le résultat moyen est 5 sur 5
Statistiques - réponses
Pays % Correct
Vietnam
100%
Cambodge
97%
Thailande
95%
Chine
92%
Birmanie
78%
Aucun quiz correspondant
Distribution des résultats
% des personnes avec chaque résultat
Percentile par nombre de réponses
Votre historique - résultats
Vous n’avez pas pris ce quiz